[Event "Agneaux St Lo U16 op 21th"]
[Site "Agneaux"]
[Date "2019.07.06"]
[Round "2.2"]
[White "Georget, Laureline"]
[Black "Lemire, Axel"]
[Result "1/2-1/2"]
[WhiteElo "1746"]
[BlackElo "1586"]
[PlyCount "42"]
[EventDate "2019.07.06"]
[EventType "swiss"]
[EventRounds "9"]
[EventCountry "FRA"]
[SourceTitle "EXT 2020"]
[Source "ChessBase"]
[SourceDate "2019.10.17"]
[SourceVersion "1"]
[SourceVersionDate "2019.10.17"]
[SourceQuality "1"]

1. c4 c5 2. Nc3 Nc6 3. g3 g6 4. Bg2 Bg7 5. e3 e6 6. Nge2 Nge7 7. d4 cxd4 8. exd4 d5 9. cxd5 Nxd5 10. Nxd5 exd5 11. 0-0 0-0 12. Be3 Bg4 13. Re1 Re8 14. Qd2 Bxe2 15. Rxe2 Nxd4 16. Bxd4 Rxe2 17. Qxe2 Bxd4 18. Rd1 Qb6 19. Bxd5 Rd8 20. Qf3 Qf6 21. b3 b6 1/2-1/2

[Event "FRA-ch U12 Girls"]
[Site "Saint Paul Trois Chateaux"]
[Date "2013.05.05"]
[Round "8"]
[White "Hebert, Floriane"]
[Black "Georget, Laureline"]
[Result "1/2-1/2"]
[WhiteElo "1392"]
[BlackElo "1440"]
[PlyCount "75"]
[EventDate "2013.04.28"]
[EventType "swiss"]
[EventRounds "9"]
[EventCountry "FRA"]
[SourceTitle "CBM 154 Extra"]
[Source "ChessBase"]
[SourceDate "2013.06.25"]
[SourceVersion "2"]
[SourceVersionDate "2013.06.25"]
[SourceQuality "1"]

1. e4 c5 2. c3 Nc6 3. d4 cxd4 4. cxd4 d6 5. Bb5 Bd7 6. Nf3 a6 7. Bd3 g6 8. 0-0 Bg7 9. Be3 e5 10. dxe5 dxe5 11. h3 Nf6 12. Nc3 0-0 13. Qd2 Re8 14. Bh6 Bh8 15. Rad1 Qc8 16. Bc4 Be6 17. Bxe6 Qxe6 18. Bg5 Qc4 19. Bxf6 Bxf6 20. Nd5 Bd8 21. Qh6 f6 22. Nc3 Qe6 23. Rd2 Be7 24. Rfd1 Rad8 25. Nd5 Rc8 26. a3 Bf8 27. Qh4 Bg7 28. Nc3 Rcd8 29. Rd5 Rf8 30. Qg3 Rfe8 31. Kf1 Qc8 32. Ke1 Re7 33. Rxd8+ Nxd8 34. Nd2 Ne6 35. Nd5 Re8 36. Qf3 Qd8 37. Nb3 Rf8 38. Rc1 1/2-1/2

[Event "FRA-ch U12 Girls"]
[Site "Saint Paul Trois Chateaux"]
[Date "2013.04.30"]
[Round "3"]
[White "Vigna, Liza"]
[Black "Georget, Laureline"]
[Result "1-0"]
[WhiteElo "1585"]
[BlackElo "1440"]
[PlyCount "61"]
[EventDate "2013.04.28"]
[EventType "swiss"]
[EventRounds "9"]
[EventCountry "FRA"]
[SourceTitle "CBM 154 Extra"]
[Source "ChessBase"]
[SourceDate "2013.06.25"]
[SourceVersion "2"]
[SourceVersionDate "2013.06.25"]
[SourceQuality "1"]

1. e4 c5 2. c3 Nc6 3. d4 cxd4 4. cxd4 d6 5. Bb5 Bd7 6. Nc3 g6 7. Nf3 Bg7 8. Be3 Nf6 9. Qb3 0-0 10. Bc4 Bg4 11. Ng5 Qe8 12. Bb5 Bd7 13. Qa3 Ng4 14. 0-0 Nxe3 15. fxe3 Bh6 16. Bxc6 bxc6 17. Qa5 e5 18. Nf3 Bxe3+ 19. Kh1 Bxd4 20. Rad1 Bb6 21. Qa3 Bc7 22. Ne2 Qc8 23. Qe3 Qb8 24. Qh6 Bd8 25. Neg1 Bg4 26. Rd2 Re8 27. Rdf2 Re6 28. Nxe5 g5 29. Rxf7 Rxh6 30. Rf8+ Kg7 31. R1f7# 1-0